| 000 | 01317cam a22003377a 4500 | ||
|---|---|---|---|
| 090 | _c0 | ||
| 001 | 14360633 | ||
| 005 | 20080310094503.0 | ||
| 008 | 060502s2007 enka 001 0 eng | ||
| 010 | _a2006926824 | ||
| 015 |
_aGBA665488 _2bnb |
||
| 020 | _a9781846284885 (pbk.) | ||
| 020 | _a1846284880 (pbk.) | ||
| 035 | _a(CStRLIN)UKCG4329560-B | ||
| 038 | _aUk | ||
| 040 |
_aStDuBDS _beng _cStDuBDS _dCStRLIN _dDLC |
||
| 042 | _alccopycat | ||
| 050 | 0 | 0 |
_aTK5105.5 _b.C696 2007 |
| 082 | 0 | 4 |
_a004.6 _222 _bCOW |
| 100 | 1 |
_aCowley, John, _d1947 Aug. 17- |
|
| 245 | 1 | 0 |
_aCommunications and Networking : _bAn Introduction / _cJohn Cowley. |
| 260 |
_aLondon : _bSpringer, _cc2007. |
||
| 300 |
_avii, 230 p. : _bill. ; _c24 cm. |
||
| 500 | _aIncludes indexes. | ||
| 650 | 0 | _aComputer networks. | |
| 856 | 4 | 1 |
_3Table of contents _uhttp://www.loc.gov/catdir/toc/fy0801/2006926824.html |
| 856 | 4 | 2 |
_3Publisher description _uhttp://www.loc.gov/catdir/enhancements/fy0818/2006926824-d.html |
| 942 |
_2ddc _cBB |
||
| 999 |
_c10687 _d10687 |
||